000 00388nam a22001577a 4500
005 20180813142132.0
008 160625b xxu||||| |||| 00| 0 eng d
041 _aeng
082 _b9944
_a658.32
100 _aChhabra, T.N. and Rastogi, Savita
_92719
245 _aCompensation Management
260 _bSun India
_adelhi
300 _a22.32p,
650 _aManagement
_9241
942 _cBK
999 _c3910
_d3909